Iran World Cup 2022 Squad - Statistics

General Stats
  • This quiz has been taken 10 times
  • The average score is 13 of 25
Answer Stats
Position Club Player % Correct
FW FC Porto Mehdi Taremi
100%
FW Bayer Leverkusen Sardar Azmoun
100%
GK Persepolis Alireza Beiranvand
80%
DF Dinamo Zagreb Sadegh Moharrami
80%
MF Brentford Saman Ghoddos
80%
MF Charleroi Ali Gholizadeh
60%
MF Feyenoord Alireza Jahanbakhsh
60%
DF AEK Athens Ehsan Hajsafi
60%
GK Esteghlal Hossein Hosseini
60%
FW Omonia Nicosia Karim Ansarifard
60%
DF Kayserispor Majid Hosseini
60%
MF Persepolis Mehdi Torabi
60%
DF AEK Athens Milad Mohammadi
60%
GK Sepahan Payam Niazmand
60%
DF Sepahan Ramin Rezaeian
60%
GK Ponferradina Amir Abedzadeh
40%
DF Esteghlal Rouzbeh Cheshmi
40%
MF Velje Saeid Ezatolahi
40%
DF Esteghlal Abolfazl Jalali
20%
MF Kayserispor Ali Karimi
20%
DF Al-Ahli Doha Hossein Kanaanizadegan
20%
DF Persepolis Morteza Pouraliganji
20%
DF Al-Ahli Doha Shojae Khalilzadeh
20%
MF Shabab Al-Ahli Ahmad Nourollahi
0%
MF Persepolis Vahid Amiri
0%
No matching quizzes found
Score Distribution
Percent of People with Each Score
Percentile by Number Answered
Your Score History
You have not taken this quiz